| 000 | 00967cam a22003014a 4500 | ||
|---|---|---|---|
| 001 | 15375022 | ||
| 003 | OSt | ||
| 005 | 20231028084344.0 | ||
| 008 | 080721s2008 enka b 001 0 eng | ||
| 010 | _a 2008275260 | ||
| 020 | _a9780521884464 (hardback) | ||
| 020 | _a9780521711340 (pbk.) | ||
| 040 |
_aDLC _cDLC _dDLC |
||
| 082 | _a570 HAY 2008 | ||
| 100 | 1 |
_aHaynie, Donald T. _914371 |
|
| 245 | 1 | 0 | _aBiological Thermodynamics |
| 250 | _a2nd ed. | ||
| 260 |
_aCambridge; _bCambridge University Press, _c2008. |
||
| 300 |
_axvi, 422 p. : _bill. ; _c26 cm. |
||
| 504 | _aIncludes bibliographical references and index. | ||
| 650 | 0 |
_aBiology _914372 |
|
| 650 | 0 | _aThermodynamics. | |
| 650 | 0 |
_aBioenergetics. _914374 |
|
| 856 | 4 | 1 |
_3Table of contents only _uhttp://www.loc.gov/catdir/toc/fy0805/2008275260.html |
| 906 |
_a7 _bcbc _corigcop _d3 _encip _f20 _gy-gencatlg |
||
| 942 |
_2ddc _cO_SHELF |
||
| 999 |
_c7004 _d7004 |
||